Five Easy Hot Dogs Tracklist (Mac Demarco) - Statistics

General Stats
  • This quiz has been taken 18 times
  • The average score is 9 of 14
Answer Stats
Hint Answer % Correct
12 Chicago
89%
7 Vancouver
89%
8 Vancouver 2
89%
9 Vancouver 3
89%
13 Chicago 2
78%
1 Gualala
78%
4 Portland
78%
5 Portland 2
78%
2 Gualala 2
67%
3 Crescent City
44%
14 Rockaway
44%
6 Victoria
44%
10 Edmonton
33%
11 Edmonton 2
22%
No matching quizzes found
Score Distribution
Percent of People with Each Score
Percentile by Number Answered
Your Score History
You have not taken this quiz